Maccarone, m'hai provocato!

Gespeichert in:
Bibliographische Detailangaben
Weitere Verfasser: Piotti, Antonio, Senaldi, Marco
Format: Buch
Sprache:Englisch
Veröffentlicht: Bulzoni 2001
Tags: Tag hinzufügen
Keine Tags, Fügen Sie das erste Tag hinzu!

MARC

LEADER 00000nam a2200000 4500
005 20231101223245.0
008 231101b |||||||| |||| 00| 0 eng d
020 |a 8883196538 
040 |c C 
082 |a 791.430945 
245 |a Maccarone, m'hai provocato! 
260 |b Bulzoni  |c 2001 
700 |a Piotti, Antonio 
700 |a Senaldi, Marco 
942 |2 ddc  |c BK  |n 0 
952 |0 0  |1 0  |2 ddc  |4 0  |6 791_430945000000000_PIO_MAC  |7 1  |9 31  |a GE  |b GE  |d 2015-03-08  |l 0  |o 791.430945 PIO MAC  |p 1881  |r 2023-11-01 22:29:20  |w 2023-11-01  |y BK 
999 |c 29  |d 29